00371nam a22001577a 4500003000500000005001700005008004100022020001800063040000600081082001700087100003100104245003400135260002200169300000900191650001300200CEME20210628204807.0210222b xxu||||| |||| 00| 0 eng d a0-262-11207-8 c. a004.67 PUB'K aKeller, James Kahin, Brian aPublic access to the internet aLONDONbMITc1995 a390P aINTERNET